Model Business Letters: A Classified Selection of Modern Business Letters for use in Schools and in Business (Record no. 1279)

MARC details
005 - DATE AND TIME OF LATEST TRANSACTION
control field 20250410143759.0
020 ## - INTERNATIONAL STANDARD BOOK NUMBER
International Standard Book Number 0 7121 1376 2
082 ## - DEWEY DECIMAL CLASSIFICATION NUMBER
Classification number 651. 75 GAL
100 ## - MAIN ENTRY--PERSONAL NAME
Author name GARTSIDE, L.
245 ## - TITLE STATEMENT
Title Model Business Letters: A Classified Selection of Modern Business Letters for use in Schools and in Business
250 ## - EDITION STATEMENT
Edition statement 2nd Ed.
260 ## - PUBLICATION, DISTRIBUTION, ETC.
Place of publication, distribution, etc. Plymouth,
Name of publisher, distributor, etc. MacDonald,
Date of publication, distribution, etc. 1974.
300 ## - PHYSICAL DESCRIPTION
Extent xii, 404p.: ill.; figure, table.
Other physical details Glossary, index.
Dimensions 21cm.
942 ## - ADDED ENTRY ELEMENTS (KOHA)
Source of classification or shelving scheme Dewey Decimal Classification
Koha item type Books
Holdings
Date last seen Total checkouts Full call number Barcode Cost, replacement price Price effective from Koha item type Lost status Source of classification or shelving scheme Damaged status Not for loan Withdrawn status Home library Current library Shelving location Date acquired Cost, normal purchase price
04/10/2025   651. 75 GAL 0000005005 30000.00 04/10/2025 Books   Dewey Decimal Classification       College of Business Education Main Library College of Business Education Main Library General Collection 04/10/2025 10000.00
04/10/2025   651. 75 GAL 0000005006 30000.00 04/10/2025 Books   Dewey Decimal Classification       College of Business Education Main Library College of Business Education Main Library General Collection 04/10/2025 10000.00